| 000 | 00727 a2200205 4500 | ||
|---|---|---|---|
| 001 | OJ-episteme-16941 | ||
| 003 | FrMaCLE | ||
| 005 | 20251214085609.0 | ||
| 007 | cu ||||||m|||| | ||
| 008 | 240222e||||||||xx |||||s|||||||||0|fr|d | ||
| 024 | 7 |
_a10.4000/episteme.16941 _2doi |
|
| 040 | _aFR-FrMaCLE | ||
| 100 | 1 | _aBourdely, Sarah Diane | |
| 245 | 1 | 0 | _aPensée et représentation de l’optimum au temps des Lumières (1680-1789). |
| 260 | _c2024 | ||
| 540 |
_aCC-BY-NC-ND-4.0 _uhttps://creativecommons.org/licenses/by-nc-nd/4.0/ |
||
| 700 | 1 | _aPaschoud, Adrien | |
| 700 | 1 | _aWaelti, Slaven | |
| 856 | 4 |
_uhttps://journals.openedition.org/episteme/16941 _yPensée et représentation de l’optimum au temps des Lumières (1680-1789) |
|
| 999 |
_c28205 _d28205 |
||